Načasování zapojení do ERM II měnová politika České národní banky na cestě k měnové unii

Ciele menovej politiky v Českej republike na nadchádzajúce obdobie. Okrem ústavou zakotvenej cenovej stability má ČNB za úlohu spolupodieľať sa na vytvorení podmienok k bezproblémovému vstupu do Hospodárskej a menovej únie. Načasovanie zapojenia do ERM II a následne do Európskej menovej únie a prija...

Description complète

Enregistré dans:
Détails bibliographiques
Auteur principal: Marek, David
Format: Chapitre de livre
Langue:tchèque
Sujets:
Tags: Ajouter un tag
Pas de tags, Soyez le premier à ajouter un tag!

MARC

LEADER 00000naa$a2200000$$$4500
001 0008879
005 20231010083048.4
041 0 |a cze 
044 |a CZ 
245 1 0 |a Načasování zapojení do ERM II  |b měnová politika České národní banky na cestě k měnové unii  |c aut. David Marek 
520 |a Ciele menovej politiky v Českej republike na nadchádzajúce obdobie. Okrem ústavou zakotvenej cenovej stability má ČNB za úlohu spolupodieľať sa na vytvorení podmienok k bezproblémovému vstupu do Hospodárskej a menovej únie. Načasovanie zapojenia do ERM II a následne do Európskej menovej únie a prijatie eura. Nový inflačný cieľ ČNB. Voľba inflačného cieľa taktiež determinuje nominálny aspekt konvergencie českého hospodárstva k vyspelejším ekonomikám. Plnenie maastrichtských kritérií. 
610 2 0 |a ERM II 
610 2 0 |a Česko 
610 2 0 |a euro 
610 2 0 |a cielenie inflácie 
610 2 0 |a ČNB Praha 
610 2 0 |a politika menová 
610 2 0 |a integrácia menová 
100 1 |a Marek, David